| 000 | 01612cam a22004694i 4500 | ||
|---|---|---|---|
| 003 | PE-LiUPU | ||
| 005 | 20250731165531.0 | ||
| 008 | 150623s1976 sp r 000 0 spa d | ||
| 020 | _a8427109792 | ||
| 035 | _a(Sirsi) i9788427109797 | ||
| 040 |
_aPE-LiUPU _bspa _cPE-LiUPU _erda |
||
| 049 | _aPRUA | ||
| 082 | 0 | 4 |
_a291.03 _bCh43 _221 |
| 100 | 1 |
_aChevalier, Jean, _eautor. |
|
| 245 | 1 | 0 |
_aDiccionarios del saber moderno. Las religiones / _cJean Chevalier. |
| 264 | 1 |
_aBilbao. España : _bEdiciones Mensajeros, _c1976. |
|
| 300 |
_a566 páginas ; _c23 centímetros |
||
| 336 |
_atext _2rdacontent |
||
| 337 |
_aunmediated _2rdamedia |
||
| 338 |
_avolume _2rdacarrier |
||
| 505 | 0 | _aEl fenómeno religioso -- El hinduismo -- El budismo -- El judaísmo -- El catolicismo -- La iglesia ortdoxa -- El protestantismo -- El islam -- Las sectas. | |
| 526 | _aSEG44 | ||
| 526 | _aSEG26 | ||
| 526 | _aP151 | ||
| 526 | _aP150 | ||
| 526 | _aP149 | ||
| 526 | _aP146 | ||
| 526 | _aP145 | ||
| 526 | _aP126 | ||
| 526 | _aP125 | ||
| 526 | _aP92 | ||
| 526 | _aP75 | ||
| 526 | _aP74 | ||
| 526 | _aP27 | ||
| 526 | _aP15 | ||
| 942 |
_2ddc _cBOOK |
||
| 949 |
_aRC 291.03 CH43 _wDEWEY _c1 _i15387 _d2016-10-17 _e2016-10-17 _lCCODEBUL1 _mBUL _n1 _r0 _sY _tBOOK _u2015-6-24 _xTEOLOGIA _PP35 _0COMPRA _o.STAFF. Colección General |
||
| 994 |
_aC0 _bPEPRU |
||
| 596 | _a1 | ||
| 999 |
_aRC 291.03 CH43 _wDEWEY _c37040 _i15387 _d37040 _e2016-10-17 _f2021-11-8 _g5 _lCCODEBUL1 _mBUL _n1 _p15.00 _q3 _r1 _sY _tBOOK _u2015-6-24 _xTEOLOGIA _PP35 _0COMPRA _o.STAFF. Colección Teología |
||
| 980 |
_81 _gALBERTO SANCHEZ Responsable de Automatización |
||